Personnage Code Geass - Statistics

General Stats
  • This quiz has been taken 22 times
  • The average score is 17 of 45
Answer Stats
# Personnage % Correct
1 Lelouch vi Britannia
100%
4 C.C
89%
24 Euphemia li Britannia
89%
9 Kallen Kōzuki
89%
2 Suzaku Kururugi
89%
20 Charles zi Britannia
78%
21 Marianne vi Britannia
78%
10 Ohgi Kaname
67%
22 Schneizel el Britannia
67%
27 V.V
67%
25 Clovis la Britannia
56%
23 Cornelia li Britannia
56%
36 Jeremiah Gottwald
56%
5 Shirley Fenette
56%
8 Nina Einstein
44%
3 Nunnally vi Britannia
44%
7 Rivalz Cardemonde
44%
38 Rollo Lamperouge
44%
37 Villetta Nu
44%
40 Cécile Croomy
33%
43 Li Xingke
33%
39 Lloyd Asplund
33%
41 Mao
33%
6 Milly Ashford
33%
14 Tôdô Kyoshirô
33%
29 Anya Alstreim
22%
45 Arthur
22%
12 Diethard Ried
22%
30 Gino Weinberg
22%
26 Odysseus eu Britannia
22%
13 Rakshata Chawla
22%
33 Andreas Darlton
11%
16 Asahina Shōgo
11%
28 Bismarck Waldstein
11%
34 Gilbert G.P. Guilford
11%
35 Kanon Maldini
11%
31 Luciano Bradley
11%
19 Sayoko Shinozaki
11%
11 Tamaki Shinichirō
11%
32 Bartley Asprius
0%
15 Chiba Nagisa
0%
18 Kaguya Sumeragi
0%
17 Senba Ryôga
0%
42 Tianzi
0%
44 Zhou Xianglin
0%
No matching quizzes found
Score Distribution
Percent of People with Each Score
Percentile by Number Answered
Your Score History
You have not taken this quiz